|
|
|
|
| LEADER |
00000cam a2200000 7i4500 |
| 001 |
0000087313 |
| 005 |
20230125113149.0 |
| 008 |
220120 |
| 020 |
|
|
|a 9781786178855
|
| 041 |
0 |
|
|a English
|
| 090 |
0 |
0 |
|a JF
|b CT ENG
|
| 245 |
1 |
0 |
|a Bedtime stories
|
| 260 |
|
|
|a United Kingdom :
|b Miles Kelly Publishing Ltd ,
|c 2019
|
| 300 |
|
|
|a 382 p. :
|b ill., col. ;
|c 22.5 cm.
|
| 500 |
|
|
|a Children ages 7-9 years old (orange)
|
| 541 |
0 |
|
|c Purchased on 2021
|f 2021/11-23 SPI
|h RM100.60
|
| 650 |
|
0 |
|a Classic tales
|
| 700 |
1 |
|
|a Classic stories to treasure
|
| 999 |
|
|
|a 0001670718
|b Book
|c Children Collection
|e Perbadanan Perpustakaan Awam Johor
|
| 999 |
|
|
|a 0001670719
|b Book
|c Children Collection
|e Cawangan Urban Transformation Centre
|
| 999 |
|
|
|a 0001670720
|b Book
|c Children Collection
|e Cawangan AEON Kulaijaya
|
| 999 |
|
|
|a 0001670794
|b Book
|c Children Collection
|e Cawangan Tmn. Ungku Tun Aminah
|
| 999 |
|
|
|a 0001670795
|b Book
|c Children Collection
|e Cawangan Kota Tinggi
|
| 999 |
|
|
|a 0001670796
|b Book
|c Children Collection
|e Cawangan Batu Pahat
|
| 999 |
|
|
|a 0001670797
|b Book
|c Children Collection
|e Cawangan Taman Universiti
|
| 999 |
|
|
|a 0001670798
|b Book
|c Children Collection
|e Cawangan Pontian
|
| 999 |
|
|
|a 0001670799
|b Book
|c Children Collection
|e Cawangan Bandar Penawar
|
| 999 |
|
|
|a 0001670800
|b Book
|c Children Collection
|e Cawangan Muar
|
| 999 |
|
|
|a 0001670801
|b Book
|c Children Collection
|e Cawangan Sri Merlong
|
| 999 |
|
|
|a 0001670802
|b Book
|c Children Collection
|e Cawangan Bukit Gambir
|
| 999 |
|
|
|a 0001670803
|b Book
|c Children Collection
|e Cawangan Segamat
|
| 999 |
|
|
|a 0001670804
|b Book
|c Children Collection
|e Cawangan Bandar Tenggara
|
| 999 |
|
|
|a 0001670805
|b Book
|c Children Collection
|e Cawangan Mersing
|
| 999 |
|
|
|a 0001670806
|b Book
|c Children Collection
|e Cawangan Taman Sri Lambak
|
| 999 |
|
|
|a 0001670807
|b Book
|c Children Collection
|e Cawangan Tangkak
|